000 00644nam a2200205Ia 4500
003 GCL
008 140319s9999 xx 000 0 ara d
040 _aGCL /
_cGCL
082 0 4 _a001.6404
_bز د
100 1 _aزياد عزيزية
245 1 0 _aدنيا الحاسوب: برامج كمبيوتر فى الرياضيات Bacic /
_cزياد عزيزية
260 _a[S.N] :
_bدار المعرفة ،
_c1987
300 _a128
490 _aبطولات اسلامية
_v0
650 0 4 _aالحاسبات الالكترونية
650 0 4 _aالرياضيات
650 0 4 _aباسيك
650 0 4 _aالبرامج
942 _2ddc
_cBK
999 _c54322
_d54322